000 00638nam a2200181Ia 4500
008 140429s9999 xx 000 0 und d
020 _a9781412976923
050 _aPN 4129.15
_b.Z65 2010
100 _aZoller, Kendall
245 4 _aThe choreography of presenting :
_bthe 7 essential abilities of effective presenters /
_cKendall Zoller and Claudette Landry ; foreword by Robert J. Garmston.
260 _aCalifornia :
_bCorwin Press,
_cc2010.
300 _a136 p. :
_bill. ;
_c26 cm.
500 _aIncludes bibliographical references and index.
521 _aMC
650 _aPublic speaking.
942 _kFOR
_cBK
999 _c115678
_d115678